Introducción al estudio de la medicina experimental
Salvato in:
| Autore principale: | |
|---|---|
| Natura: | Libro |
| Lingua: | spagnolo |
| Pubblicazione: |
Buenos Aires
Losada
1944
|
| Serie: | Biblioteca Filosófica
|
| Soggetti: | |
| Tags: |
Aggiungi Tag
Nessun Tag, puoi essere il primo ad aggiungerne!!
|
MARC
| LEADER | 00000nam a2200000 a 4500 | ||
|---|---|---|---|
| 001 | UCT3486 | ||
| 003 | CL-VaPUC | ||
| 008 | 961024e19440000AG |||||||||||||||||spa|d | ||
| 082 | 0 | 4 | |a 619 |b BER |2 21 |
| 100 | 0 | |a Bernard, Claude |e author |9 348495 | |
| 245 | 1 | 0 | |a Introducción al estudio de la medicina experimental |
| 300 | |a 309 p | ||
| 942 | |c BK | ||
| 945 | |d 19961024 00:00:00 |a paguirre | ||
| 260 | |a Buenos Aires |b Losada |c 1944 | ||
| 650 | 0 | |a Medicina |9 258507 | |
| 650 | 0 | |a Ingeniería biomédica |9 262962 | |
| 650 | 7 | |a EXPERIMENTOS CIENTIFICOS |2 CL-VaPUC |9 320167 | |
| 650 | 0 | |a Métodos de investigación |9 262618 | |
| 650 | 7 | |a FISIOLOGIA |2 CL-VaPUC |9 372417 | |
| 583 | |a last modification |c 20150107 01:44:08 |k Rodrigo Vera | ||
| 490 | 0 | |a Biblioteca Filosófica | |
| 999 | |c 253117 |d 253115 | ||
| 952 | |0 0 |1 0 |4 0 |6 619_000000000000000_BER_1944 |7 0 |8 X |9 273636 |a BIBCUR |b BIBCUR |d 2019-11-19 |i 1773860 |o 619 BER 1944 |p 1773860 |r 2025-04-22 |w 2019-11-19 |y BK_X |k BCB | ||